000 00641nam a22001577a 4500
008 160603b xxu||||| |||| 00| 0 eng d
082 _22014
_aUT 0544
_bN37
100 _99886
_aNesperos, Jeany Lou A.
245 _aInstructional strategies in English and reading comprehension among ALS secondary students of Digos City division/
_cJeany Lou A. Nesperos , Helen Jane L. Velez and Erlyn G. Villamor.
260 _aDigos City:
_bUMDC
_cNovember 2014.
300 _a45 pages;
_c29 cm.
650 0 _99885
_aEducation
_vEnglish
_xUndergraduate thesis.
700 _99883
_aVelez, Helen Jane L.
700 _99884
_aVillamor, Erlyn G.
942 _2ddc
_cUT
999 _c2966
_d2966